Ratio of neutrophil to lymfocyte counts - rapid and simple parameter of systemic inflammation and stress in criticaly ill

Bibliographic Details
Main Author: Záhorec, Roman, 1958- (Author)
Format: Article
Language:Slovak
PhysicalDescription:Grafy, obr., tab.
ISSN:0006-9248
Subjects:

MARC

LEADER 00000nab a2200000 a 4500
001 vtls000768768
003 SK-MaSNL
005 20260304124005.0
008 250429c2001 xo 0 slo
015 |a SNBRB2001/10-28065 
035 |a CLN000120555 
035 |a urn:nbn:sk:snk-abmah 
035 |a (urnnbn)urn:nbn:sk:snk:ar-a03fl6 
035 |a (uuid)af0fd061-0c94-4398-a700-dea83e4db845 
040 |a SNKBUCL  |b slo  |c SNKBUCL  |e AACR2 
041 0 |a slo 
044 |a xo  |c SK 
080 |a 616-002-07  |2 1997 
080 |a 616.155.34  |2 1997 
080 |a 616.155.32  |2 1997 
100 1 |a Záhorec, Roman,  |d 1958-  |4 aut  |9 156868 
245 1 0 |a Ratio of neutrophil to lymfocyte counts - rapid and simple parameter of systemic inflammation and stress in criticaly ill  |c R. Záhorec 
246 1 1 |a Pomer neutrofilov - rýchly a jednoduchý ukazovateľ systémového zápalu a stresu v kritických stavoch 
300 |b Grafy, obr., tab. 
504 |a Res. angl., slov. 
504 |a Bibliogr. odkazy 
650 0 7 |a zápal systémový  |2 snkbucl  |9 1434107 
650 0 7 |a stres operačný  |2 snkbucl  |9 1434108 
650 0 7 |a lymfocytopénia  |2 snkbucl  |9 21473 
650 0 7 |a neutrofília  |2 snkbucl  |9 1434109 
650 0 7 |a faktor stresový neutrofil-lymfocytový  |2 snkbucl  |9 1434110 
655 7 |a články z novín a časopisov  |2 snkbucl  |9 267496 
773 0 |t Bratislavské lekárske listy  |g Roč. 102, č. 1 (2001), s. 5-14  |x 0006-9248 
850 |a Slovenská národná knižnica 
852 |a Slovenská národná knižnica 
954 |a odborná, vedecká literatúra pôvodná (slovenská)  |2 lita 
958 |a article27 
958 |a MI 
958 |a NB 
958 |a OND 
958 |a EUIPO 
992 |a RBX 
999 |c 2890367  |d 2892297